000 02339aam a2200481 a 4500
999 _c2939
_d2939
001 019934712
003 Uk
005 20241102143447.0
006 m || d |
007 cr |||||||||||
008 130204r20121998enk o 000 d eng
015 _aGBC0E1414
_2bnb
020 _qpaperback
_a9781840020496
037 _a9781849435499
_bcodeMantra
040 _aUk
_beng
_cUk
_dKH8
042 _aukblcatcopy
072 7 _aPER011000
_2bisacsh
072 7 _aDRA003000
_2bisacsh
082 0 4 _a822.914 LEW
_221
100 1 _aLewis, C. S,
_eauthor.
245 1 4 _aThe lion, the witch and the wardrobe /
_cC.S. Lewis ; dramatised by Adrian Mitchell.
264 1 _aLondon :
_bOberon Books,
_c2012.
264 4 _c©1998
300 _a106 pages;
_c13 cm x 21 cm.
336 _atext
_2rdacontent
337 _acomputer
_2rdamedia
338 _aonline resource
_2rdacarrier
490 1 _aOberon plays for young people
500 _aRevised and reprinted. Originally published in print: 1998.
505 0 _aFront Cover; Half-Title Page; Title Page; Copyright Page; PREFACE FOR CHILDREN; Characters; Scenes and Songs; ACT ONE; 1. The Dark Train; 2. The Steps of the Professor's House; 3. The Girls' Bedroom; 4. The Steps of the Professor's House; 5. Inside the Professor's House; 6. The Lantern Waste; 7. In the Cave; 8. The Lantern Waste; 9. The Garden by the Steps; 10. Inside the Professor's House; 11. The Lantern Waste; 12. Inside the Professor's House; 13. The Lantern Waste; 14. The Beavers' House; 15. The Witch's Courtyard; 16. Outside the Beavers' House; 17. In the Witch's House; ACT TWO.
505 8 _a18. Out in the Snow19. The Stone Table; 20. The Dark Wood; 21. The Stone Table; 22. The Journey; 23. The Witch's Courtyard; 24. The Stone Table; 25. The Great Hall of Cair Paravel; 26. The Lantern Waste; 27. Inside the Professor's House; Back Matter.
650 0 _aNarnia (Imaginary place)
_vDrama.
650 0 _aEnglish drama
_y20th century.
650 7 _aTheater.
_2bisacsh
650 7 _aBritish & Irish.
_2bisacsh
650 7 _aEnglish drama.
_2fast
_0(OCoLC)fst00910737
650 7 _aNarnia (Imaginary place)
_2fast
_0(OCoLC)fst01032923
655 4 _aElectronic books.
655 7 _aDrama.
_2fast
_0(OCoLC)fst01423879
700 _aMitchell, Adrian.
830 0 _aOberon modern plays.
942 _2ddc
_cTR